[Event "Zaragoza Province-ch Primera"]
[Site "Zaragoza"]
[Date "2015.10.18"]
[Round "3"]
[White "Muro Guerrero, Miguel"]
[Black "Soriano Martinez, Adolfo"]
[Result "0-1"]
[WhiteElo "1664"]
[BlackElo "1476"]
[PlyCount "118"]
[EventDate "2015.09.27"]
[EventType "swiss"]
[EventRounds "6"]
[EventCountry "ESP"]
[SourceTitle "CBM 170 Extra"]
[Source "ChessBase"]
[SourceDate "2016.02.25"]
[SourceVersion "1"]
[SourceVersionDate "2016.02.25"]
[SourceQuality "1"]

1. e4 e5 2. Nf3 Nc6 3. d4 exd4 4. Nxd4 Bc5 5. Be3 Qf6 6. c3 Nge7 7. Be2 0-0 8. 0-0 a6 9. f4 d6 10. Qd3 Bxd4 11. cxd4 d5 12. e5 Qf5 13. Nc3 Qxd3 14. Bxd3 Nb4 15. Bb1 Bf5 16. a3 Bxb1 17. Raxb1 Nbc6 18. g4 f5 19. h3 Nd8 20. Rbc1 Ne6 21. Na4 b6 22. b3 Rac8 23. Kg2 Kh8 24. b4 Rg8 25. Nb2 g5 26. fxg5 Nxg5 27. gxf5 Ne4+ 28. Kh2 Ng3 29. Rf3 Ngxf5 30. Rg1 Nxe3 31. Rxe3 Rxg1 32. Kxg1 Nf5 33. Rd3 Rg8+ 34. Kf2 Nh4 35. Nd1 Ng6 36. Rg3 Nf4 37. Rxg8+ Kxg8 38. h4 Kg7 39. Nc3 Kg6 40. Kg3 Kf5 41. Kf3 h5 42. Ne2 Ne6 43. Ng3+ Kg6 44. Ne2 Kf5 45. Ng3+ Kg6 46. Ke3 c6 47. a4 Ng7 48. Ne2 Nf5+ 49. Kf2 Nxh4 50. Nf4+ Kg5 51. e6 Nf5 52. b5 axb5 53. axb5 Kxf4 54. bxc6 Ne7 55. c7 b5 56. Ke2 h4 57. Kd2 b4 58. Kc2 h3 59. Kb3 h2 0-1

[Event "Zaragoza Province-ch Primera"]
[Site "Zaragoza"]
[Date "2015.09.27"]
[Round "1"]
[White "Argueso Palomino, Manuel"]
[Black "Soriano Martinez, Adolfo"]
[Result "1/2-1/2"]
[WhiteElo "1709"]
[BlackElo "1476"]
[PlyCount "91"]
[EventDate "2015.09.27"]
[EventType "swiss"]
[EventRounds "6"]
[EventCountry "ESP"]
[SourceTitle "CBM 170 Extra"]
[Source "ChessBase"]
[SourceDate "2016.02.25"]
[SourceVersion "1"]
[SourceVersionDate "2016.02.25"]
[SourceQuality "1"]

1. d4 d5 2. Nf3 Nf6 3. Bf4 c6 4. e3 g6 5. Bd3 Bg7 6. Nbd2 Nbd7 7. 0-0 0-0 8. Re1 Nb6 9. c4 Bg4 10. c5 Bxf3 11. Nxf3 Nbd7 12. Qc2 Ng4 13. Rab1 Qc8 14. b4 e5 15. dxe5 Ngxe5 16. Be2 Nxf3+ 17. Bxf3 Ne5 18. Be2 a6 19. a4 Re8 20. b5 axb5 21. axb5 Qe6 22. bxc6 bxc6 23. h3 Ra5 24. Bxe5 Qxe5 25. Rb6 Qc3 26. Qxc3 Bxc3 27. Rc1 Rxc5 28. Rb3 Bb4 29. Rxc5 Bxc5 30. Rc3 Bf8 31. Rxc6 Rd8 32. Rc3 Bg7 33. Rd3 d4 34. g3 Bf6 35. Kg2 dxe3 36. Rxe3 Kf8 37. Rf3 Kg7 38. g4 Re8 39. Bc4 Re7 40. Bb3 Rb7 41. Bd5 Re7 42. Ba2 Re2 43. Bb3 Re7 44. Rd3 h6 45. Kg3 g5 46. f4 1/2-1/2